000 00262nam a22001097a 4500
040 _cSK
082 _a581
100 _aKUY sophal; គួយ សុផល
245 _aPlant Morphology; រុក្ខវិទ្យា
260 _aRUA
_b581
_c1994
942 _cKB
999 _c8419
_d8419